|
|
|
|
| LEADER |
00000 a2200000 4500 |
| 005 |
20130405131000.0 |
| 007 |
cr|||| |||| |
| 008 |
130405e2012 mx |||||s|||| 00||0 spa d |
| 020 |
|
|
|a 978-607-406-388-2
|
| 035 |
|
|
|a 11002
|
| 040 |
|
|
|a vLex
|
| 090 |
|
|
|c 4139
|d 4139
|
| 100 |
1 |
0 |
|a Luna Guerra, Antonio
|
| 245 |
1 |
0 |
|a Responsabilidades Fiscales de los Notarios
|c / Antonio Luna Guerra
|h [Recurso electrn̤ico]
|
| 256 |
|
|
|a Servicio en ln̕ea
|
| 260 |
|
|
|a Mx̌ico D.F. :
|b Ediciones Fiscales ISEF,
|c 2012
|
| 300 |
|
|
|a 1 Recurso electrn̤ico
|
| 506 |
|
|
|a Contenido solo disponible en los productos indicados
|d vLex Global
|d vLex Global (Academic Edition, excluding Law Schools)
|d vLex Global (U.S. Academic Edition, Law Schools)
|d vLex Global (U.S. Academic Edition, excluding Law Schools)
|d vLex Global (Academic Edition, Law Schools)
|
| 650 |
0 |
4 |
|a Derecho tributario
|z Mx̌ico
|
| 650 |
0 |
4 |
|a Notara̕
|z Mx̌ico
|
| 740 |
|
|
|a vLex Libros (Servicio en ln̕ea)
|
| 856 |
|
|
|a acceso restringido
|u http://www.vlex.com/source/11002
|
| 942 |
|
|
|c BOOK
|